| 000 | 00900cam a2200193 4500 | ||
|---|---|---|---|
| 001 | WB3937-05 | ||
| 008 | 031002n2003 000 0 eng u | ||
| 035 | _a(Sirsi) u123819 | ||
| 245 | _aRICS launches new business rates service | ||
| 260 | _c2003 | ||
| 490 |
_aRICS Press Release _v(pr091) 1 October 2003 (1) |
||
| 520 | _aRICS has launched a Business Rates helpline, which offers free advice to businesses across the UK. The number is +44 (0)870 333 1600. A leaflet is also available and from 6 October 2003, the RICS website will have dedicated webpages designed to help small businesses at http://www.rics.org/business. http://www.rics.org/ricscms/bin/show?class=PressRelease&template=/includes/showpr.html&id=1032&faculty=RICS | ||
| 590 | _aWB | ||
| 650 | _aSMALL BUSINESSES | ||
| 650 | _aBUSINESS RATES | ||
| 650 | _aHELPLINE | ||
| 690 | _aMANAGEMENT-BUSINESS MANAGEMENT | ||
| 942 | _n0 | ||
| 999 |
_c73536 _d73536 |
||